Impossible creatures / (Record no. 50272)
| 000 -LEADER | |
|---|---|
| fixed length control field | 00485nam a2200145 4500 |
| 020 ## - INTERNATIONAL STANDARD BOOK NUMBER | |
| International Standard Book Number | 9781408897430 |
| 100 ## - MAIN ENTRY--PERSONAL NAME | |
| Personal name | Rundell, Katherine. |
| 9 (RLIN) | 87282 |
| 245 ## - TITLE STATEMENT | |
| Title | Impossible creatures / |
| Statement of responsibility, etc | Katherine Rundell. |
| 260 ## - PUBLICATION, DISTRIBUTION, ETC. (IMPRINT) | |
| Place of publication, distribution, etc | London: |
| Name of publisher, distributor, etc | Bloomsbury; |
| Date of publication, distribution, etc | 2024. |
| 300 ## - PHYSICAL DESCRIPTION | |
| Extent | 325 p. |
| Dimensions | 20 cm. |
| 650 ## - SUBJECT ADDED ENTRY--TOPICAL TERM | |
| Topical term or geographic name as entry element | magical Archipelago. Environmental Activism & Conservation. |
| Form subdivision | Fiction. |
| 9 (RLIN) | 87283 |
| 650 ## - SUBJECT ADDED ENTRY--TOPICAL TERM | |
| Topical term or geographic name as entry element | Guardianship and Legacy |
| Form subdivision | Juvenile Fiction. |
| 9 (RLIN) | 87284 |
| 655 ## - INDEX TERM--GENRE/FORM | |
| Genre/form data or focus term | Fantasy. |
| 9 (RLIN) | 56253 |
| 942 ## - ADDED ENTRY ELEMENTS (KOHA) | |
| Source of classification or shelving scheme | |
| Koha item type | J FIC BOOKS |
| Withdrawn status | Lost status | Source of classification or shelving scheme | Damaged status | Not for loan | Collection code | Home library | Current library | Date acquired | Total Checkouts | Full call number | Barcode | Date last seen | Price effective from | Koha item type |
|---|---|---|---|---|---|---|---|---|---|---|---|---|---|---|
| SECONDARY | Asian Hope Secondary Library | Asian Hope Secondary Library | 03/23/2026 | J FIC RUN | 210927 | 03/23/2026 | 03/23/2026 | J FIC BOOKS |